000 00508cam a22001934a 4500
005 20250605163603.0
008 250528s ||||||||||||||||||||||||d
035 _a22266
020 _a9789605461010
040 _aGR-AtMCL
_bgre
_dGR-AtMCL
_eAACR2
245 1 _aΣΥΓΧΡΟΝΕΣ ΕΝΤΑΞΙΑΚΕΣ ΠΡΟΣΕΓΓΙΣΕΙΣ
250 _a1
260 _bΠεδίο,
_c2012
300 _a460
700 1 _aΖωνιου-Σιδερη Αθηνα
942 _cBK
999 _c7322
_d7322